[Event "World Youth Girl U14 2016"]
[Site "Khanty-Mansiysk RUS"]
[Date "2016.10.01"]
[Round "9.28"]
[White "Nasybullina, Dayana"]
[Black "Makarova, Anastasiya"]
[Result "1-0"]
[WhiteElo "1622"]
[BlackElo "1471"]
[WhiteFideId "34127280"]
[BlackFideId "54102731"]
[EventDate "2016.09.22"]

1. e4 c5 2. Nf3 e6 3. d3 d6 4. g3 Nc6 5. Bg2 Nge7 6. O-O g6 7. Re1 Bg7 8. c3 O-O
9. Nbd2 Rb8 10. Nf1 f5 11. Be3 h6 12. h4 b5 13. Qc1 Kh7 14. e5 Qc7 15. d4 cxd4
16. cxd4 d5 17. N1d2 Qb6 18. Nb3 a5 19. Nc5 b4 20. Bf1 Qa7 21. Qc2 Rd8 22. Rac1
Bd7 23. Nd2 Rb6 24. Ndb3 a4 25. Nd2 Nb8 26. Nxd7 Rxd7 27. Qd3 Rc7 28. Nf3 Rbc6
29. Rxc6 Rxc6 30. Qb5 Rb6 31. Qc5 Rb7 32. Rc1 Nbc6 33. Bb5 Nb8 34. Bd2 b3 35.
axb3 axb3 36. Qxa7 Rxa7 37. Rc3 Ra1+ 38. Kg2 Ra7 39. Rxb3 Nbc6 40. Bd3 Rc7 41.
Rb6 Nd8 42. Kf1 Rb7 43. Rxb7 Nxb7 44. Ke2 Nc6 45. Kd1 Bf8 46. Bb5 Nbd8 47. Bc3
Be7 48. Ne1 g5 49. hxg5 hxg5 50. Nd3 Kg6 51. f3 Kh5 52. Kd2 Bf8 53. b4 Be7 54.
Ke3 Bf8 55. Kd2 Be7 56. Kc2 Kg6 57. Kb3 Kf7 58. Ba6 Ke8 59. b5 Nb8 60. Bc8 Kf7
61. Nc5 1-0

[Event "World Youth Girl U14 2016"]
[Site "Khanty-Mansiysk RUS"]
[Date "2016.10.01"]
[Round "9.29"]
[White "Gomes, Maria Eduarda"]
[Black "Parhomenko, Anastasija"]
[Result "1/2-1/2"]
[WhiteElo "1569"]
[BlackElo "1506"]
[WhiteFideId "2158957"]
[BlackFideId "11606185"]
[EventDate "2016.09.22"]

1. e4 e6 2. d4 d5 3. e5 c5 4. c3 Qb6 5. Nf3 Nc6 6. Bd3 Nh6 7. O-O Bd7 8. Bc2 Rc8
9. a3 a5 10. b3 g6 11. h3 Nf5 12. Bxf5 gxf5 13. Bg5 Bg7 14. Ra2 cxd4 15. cxd4
O-O 16. Bf6 Bxf6 17. exf6 Qd8 18. Ne5 Rc7 19. Qd3 Qxf6 20. Nxc6 Rxc6 21. Re2 Rb6
22. Qg3+ Kh8 23. Rd1 Rc6 24. Qe3 Rg8 25. Ree1 Qg6 26. g3 h5 27. h4 f6 28. Rc1
Rgc8 29. Rxc6 Rxc6 30. Kh2 Kg7 31. Nc3 Qh6 32. Qxh6+ Kxh6 33. Re3 b5 34. Kg2 Rc8
35. Ne2 b4 36. axb4 axb4 37. Kh2 Re8 38. Nf4 Kg7 39. Nxh5+ Kf7 40. Nf4 Bc6 41.
Nd3 Rb8 42. Nc5 Re8 43. Nd3 Rb8 44. f4 Bd7 45. Nc5 Bc8 46. Re2 Ra8 47. Na4 Bd7
48. Nb6 Ra7 49. Nxd7 Rxd7 50. Ra2 Rc7 51. Ra4 Rb7 52. Kh3 Kg6 1/2-1/2

[Event "World Youth Girl U14 2016"]
[Site "Khanty-Mansiysk RUS"]
[Date "2016.10.01"]
[Round "9.30"]
[White "Ebeling, Mariela"]
[Black "Marais, Nina"]
[Result "1-0"]
[BlackTitle "WCM"]
[WhiteElo "1459"]
[BlackElo "1544"]
[WhiteFideId "508080"]
[BlackFideId "14306883"]
[EventDate "2016.09.22"]

1. e4 e6 2. d4 d5 3. Nc3 Nf6 4. Bg5 Be7 5. e5 Nfd7 6. Be3 O-O 7. Qd2 c5 8. f4
Nc6 9. O-O-O Rb8 10. dxc5 Nxc5 11. Qf2 b6 12. Nf3 f6 13. Bb5 Qc7 14. exf6 Bxf6
15. Qd2 Bb7 16. Bxc6 Bxc6 17. Rhf1 Na4 18. Bd4 Nxc3 19. Bxc3 Bxc3 20. Qxc3 Qxf4+
21. Kb1 Bb5 22. Rfe1 Qg4 23. Qd2 Rbc8 24. Nd4 Bd7 25. h3 Qg6 26. Rc1 Rc4 27. Nf3
Qf6 28. Ne5 Rc7 29. Qe2 Qf2 30. Nxd7 Qxe2 31. Rxe2 Rxd7 32. Rxe6 Rf2 33. g4 Kf7
34. Re3 d4 35. Rd3 Ke6 36. Rcd1 Rc7 37. R3d2 Rxd2 38. Rxd2 Rf7 39. a3 Ke5 40.
Ka2 1-0

[Event "World Youth Girl U14 2016"]
[Site "Khanty-Mansiysk RUS"]
[Date "2016.10.01"]
[Round "9.32"]
[White "Plaza Reino, Mercedes"]
[Black "Mairambekova, Aiperi"]
[Result "1-0"]
[WhiteElo "1665"]
[BlackElo "1329"]
[WhiteFideId "24511951"]
[BlackFideId "13801511"]
[EventDate "2016.09.22"]

1. f4 Nf6 2. b3 g6 3. Bb2 Bg7 4. Nf3 O-O 5. e3 Nc6 6. Bb5 d6 7. Bxc6 bxc6 8. O-O
c5 9. Qe1 Bb7 10. d3 a5 11. Nbd2 Qd7 12. Nc4 a4 13. Qh4 axb3 14. axb3 Rxa1 15.
Rxa1 Ra8 16. Rxa8+ Bxa8 17. e4 h6 18. h3 Bc6 19. Ne3 Nh7 20. Bxg7 Kxg7 21. Ng4
h5 22. Ne3 Qe6 23. g4 Qf6 24. Qg3 Kf8 25. Kf2 Qg7 26. Qh4 Qf6 27. g5 Qe6 28. f5
Qd7 29. Ne1 d5 30. Ke2 dxe4 31. dxe4 Qd4 32. fxg6 fxg6 33. Qf4+ Kg7 34. Qxc7
Qxe4 35. h4 Kf7 36. Nd3 Nf8 37. Qxc6 Qxh4 38. Qxc5 Qh2+ 39. Nf2 Ne6 40. Qc4 h4
41. Ng4 Qg3 42. Nh6+ Ke8 43. Qxe6 Qxg5 44. Qc8# 1-0

[Event "World Youth Girl U14 2016"]
[Site "Khanty-Mansiysk RUS"]
[Date "2016.10.01"]
[Round "9.33"]
[White "Gronn, Embla Ekeland"]
[Black "Yapa Bandara, Chamodya"]
[Result "1-0"]
[WhiteElo "1533"]
[BlackElo "1582"]
[WhiteFideId "1517600"]
[BlackFideId "9914706"]
[EventDate "2016.09.22"]

1. d4 Nf6 2. Nf3 g6 3. Nc3 Bg7 4. e4 d6 5. Be2 O-O 6. O-O Nbd7 7. h3 e5 8. dxe5
dxe5 9. Bg5 h6 10. Bh4 g5 11. Bg3 Nh7 12. Qd5 Qe7 13. Rad1 Nb6 14. Qd2 Bd7 15.
Nd5 Nxd5 16. Qxd5 Bc6 17. Qc4 a6 18. Bd3 Kh8 19. Qc3 Rae8 20. Rfe1 h5 21. Bxa6
f5 22. Bd3 f4 23. Bh2 g4 24. hxg4 hxg4 25. Nd2 Qg5 26. Kf1 Re6 27. f3 Rh6 28.
Bg1 Rh1 29. Qc5 Rf6 30. Qf2 g3 31. Qc5 Bf8 32. Qa7 Qh4 33. Ke2 Ng5 34. Rf1 Ne6
35. Rde1 b6 36. Kd1 Bd6 37. Qa6 Nc5 38. Bxc5 Rxf1 39. Bxf1 Bxc5 40. Qc8+ Rf8 41.
Qxc7 Qf6 42. Bc4 Be7 43. Rh1+ Kg7 44. Qxb6 Rd8 45. Bd5 Rd6 46. Bxc6 Rxc6 47. Qb8
Bd8 48. Rh5 Rd6 49. Qb7+ Be7 50. Qc8 Kg6 51. Qe8+ Qf7 52. Rh6+ 1-0

[Event "World Youth Girl U14 2016"]
[Site "Khanty-Mansiysk RUS"]
[Date "2016.10.01"]
[Round "9.34"]
[White "Kvamme, Ingrid Jodre"]
[Black "Zavgorodneva, Ekaterina"]
[Result "0-1"]
[WhiteElo "1450"]
[BlackElo "1512"]
[WhiteFideId "1516981"]
[BlackFideId "34139351"]
[EventDate "2016.09.22"]

1. Nf3 c5 2. c4 Nf6 3. g3 b6 4. Bg2 Bb7 5. O-O e6 6. Nc3 Be7 7. a3 O-O 8. Rb1
Nc6 9. d3 a6 10. Bd2 Qc7 11. Qc2 Nd4 12. Nxd4 cxd4 13. Nd1 Bxg2 14. Kxg2 Qc6+
15. Kg1 Rfc8 16. Qb3 e5 17. e3 Re8 18. Re1 Bd6 19. Rc1 Bc7 20. Qc2 d6 21. b4 Nd7
22. a4 Qb7 23. b5 a5 24. Nb2 Nc5 25. Re2 Ne6 26. Qd1 Bd8 27. exd4 Nxd4 28. Re4
f5 29. Re3 Bg5 30. f4 exf4 31. Rxe8+ Rxe8 32. Bxf4 Bxf4 33. gxf4 Ne2+ 34. Kf2
Nxc1 35. Qxc1 Qe7 36. Qd2 Qh4+ 37. Kg2 Qg4+ 38. Kf2 Qh3 39. Kg1 Re6 40. Qf2 Qe3
41. Qxe3 Rxe3 42. Kf2 Re8 43. Nd1 Kf7 44. Ne3 Ke6 45. Nd5 Rb8 46. Ke3 Kd7 47.
Kf3 Rb7 48. Kg3 h6 49. Kh4 g6 50. Kg3 g5 51. fxg5 hxg5 52. h4 gxh4+ 53. Kxh4 Ke6
54. d4 Rg7 55. Nxb6 f4 56. Nd5 f3 57. Nf4+ Kf5 58. Nd3 Rg4+ 59. Kh3 Rxd4 60. Nf2
Rxc4 61. b6 Rxa4 62. Nd3 Ra3 63. Ne1 f2+ 64. Kg2 0-1

[Event "World Youth Girl U14 2016"]
[Site "Khanty-Mansiysk RUS"]
[Date "2016.10.02"]
[Round "10.1"]
[White "Wang, Annie"]
[Black "Zhu, Jiner"]
[Result "1-0"]
[WhiteTitle "WIM"]
[WhiteElo "2013"]
[BlackElo "2024"]
[WhiteFideId "2053900"]
[BlackFideId "8608059"]
[EventDate "2016.09.22"]

1. d4 Nf6 2. c4 g6 3. Nc3 Bg7 4. e4 d6 5. Nf3 O-O 6. Be2 Na6 7. O-O e5 8. Be3
Ng4 9. Bg5 Qe8 10. dxe5 dxe5 11. h3 Nf6 12. Be3 c6 13. c5 Qe7 14. Bxa6 bxa6 15.
Qa4 Bb7 16. Rac1 Ne8 17. Rfd1 Nc7 18. Rd3 Rad8 19. Rcd1 Ne6 20. Qb3 Qc7 21. Rd6
h6 22. R1d3 Rfe8 23. Qd1 Bc8 24. Qa4 Bb7 25. Ne2 f5 26. Qc4 Bc8 27. exf5 gxf5
28. Nh4 f4 29. Bd2 Bf8 30. Rxd8 Rxd8 31. b4 Qf7 32. Nf3 Bg7 33. Nc3 Rxd3 34.
Qxd3 Nd4 35. Nxd4 exd4 36. Ne4 Qxa2 37. Bxf4 Be6 38. Nd6 Bf7 39. Nf5 Qc4 40. Qg3 1-0

[Event "World Youth Girl U14 2016"]
[Site "Khanty-Mansiysk RUS"]
[Date "2016.10.02"]
[Round "10.2"]
[White "Badelka, Olga"]
[Black "Vantika, Agrawal"]
[Result "0-1"]
[WhiteElo "2222"]
[BlackElo "2012"]
[WhiteFideId "13509926"]
[BlackFideId "25050389"]
[EventDate "2016.09.22"]

1. d4 Nf6 2. c4 g6 3. Nc3 Bg7 4. e4 d6 5. f3 O-O 6. Be3 Nbd7 7. Nge2 a6 8. Ng3
h5 9. Be2 c5 10. d5 h4 11. Nf1 h3 12. g4 b5 13. cxb5 axb5 14. Bxb5 Ba6 15. Bxa6
Rxa6 16. Qe2 Qb6 17. a4 Rb8 18. Nb5 Rba8 19. Nd2 Rxa4 20. Rxa4 Rxa4 21. O-O Ne8
22. Nc3 Rb4 23. Kf2 Nc7 24. f4 Qb7 25. Kg3 Rxb2 26. Nd1 Rb4 27. Kxh3 c4 28. Nf3
c3 29. Nf2 Qb5 30. Qxb5 Nxb5 31. Rc1 Nc5 32. Bxc5 dxc5 33. Kg3 Bd4 34. Nd3 Rb3
35. Nxd4 cxd4 36. Kf2 Rb2+ 37. Ke1 Rd2 38. Nf2 d3 39. Ra1 Nd4 0-1

[Event "World Youth Girl U14 2016"]
[Site "Khanty-Mansiysk RUS"]
[Date "2016.10.02"]
[Round "10.3"]
[White "Ulziikhishigjargal, Ochirkhuyag"]
[Black "Maltsevskaya, Aleksandra"]
[Result "1/2-1/2"]
[WhiteElo "1888"]
[BlackElo "2319"]
[WhiteFideId "4903188"]
[BlackFideId "24174041"]
[EventDate "2016.09.22"]

1. e4 g6 2. d4 Bg7 3. Be3 d6 4. Bc4 Nf6 5. Nc3 c6 6. f3 b5 7. Bb3 Bb7 8. Qd2
Nbd7 9. Nge2 a5 10. a3 Ba6 11. Rd1 O-O 12. e5 dxe5 13. dxe5 Nxe5 14. Qxd8 Rfxd8
15. Rxd8+ Rxd8 16. Bb6 Rc8 17. Bxa5 c5 18. Nd1 Nc6 19. Bd2 e5 20. c3 e4 21. f4
Rd8 22. Be3 Bf8 23. h3 h5 24. Rf1 Nd5 25. Bxd5 Rxd5 26. b4 cxb4 27. axb4 Bg7 28.
Kf2 Bc8 29. Nb2 Nxb4 30. cxb4 Bxb2 31. Rb1 Bg7 32. Rc1 Be6 33. Rc5 Bf8 34. Rxd5
Bxd5 35. Nd4 Bc4 36. Bd2 f5 37. h4 Bg7 38. Ke3 Kf7 39. Bc3 Bf6 40. g3 Bd3 41.
Ba1 Bf1 42. Bc3 Bc4 43. Kd2 Bxd4 44. Bxd4 Ke6 45. Ke3 Kd5 46. Bc5 Bd3 47. Be7
Kc4 48. Bc5 Kc3 49. Be7 Bc4 50. Bc5 Kc2 51. Bd4 Kd1 52. Kf2 Kd2 53. Be3+ Kd3 54.
Bc5 Bf7 55. Be3 Kc3 56. Bc5 Kb3 57. Ke3 Bc4 58. Be7 Kc2 59. Bc5 Bf7 60. Bd6 Kd1
61. Kf2 e3+ 62. Kxe3 Ke1 63. Be7 Kf1 64. Kd4 Kg2 65. Ke5 Kxg3 66. Bg5 Kf2 67.
Kf6 Be8 68. Ke7 Bc6 69. Kf7 Bf3 70. Kxg6 Bg4 71. Kf6 Ke3 72. Ke5 Kd3 73. Kd5 Kc3
74. Kc5 Be2 1/2-1/2

[Event "World Youth Girl U14 2016"]
[Site "Khanty-Mansiysk RUS"]
[Date "2016.10.02"]
[Round "10.4"]
[White "Goltseva, Ekaterina"]
[Black "Grischenko, Kamila"]
[Result "1/2-1/2"]
[WhiteTitle "WFM"]
[WhiteElo "2212"]
[BlackElo "1839"]
[WhiteFideId "24173770"]
[BlackFideId "14147491"]
[EventDate "2016.09.22"]

1. d4 d6 2. Nf3 g6 3. c4 Nf6 4. Nc3 Bg7 5. e4 O-O 6. Be2 e5 7. Be3 Nc6 8. d5 Ne7
9. Nd2 Nd7 10. b4 a5 11. bxa5 Rxa5 12. Nb3 Ra8 13. c5 f5 14. f3 Nf6 15. a4 f4
16. Bf2 g5 17. cxd6 cxd6 18. a5 Ng6 19. Bb6 Qe7 20. Rc1 Bd7 21. Bb5 g4 22. Bxd7
Qxd7 23. Qe2 Nh4 24. Qf2 Ng6 25. O-O g3 26. hxg3 fxg3 27. Qxg3 Kh8 28. Qh3 Qxh3
29. gxh3 Bh6 30. Rcd1 Nh4 31. Rf2 Nd7 32. Rd3 Nxb6 33. axb6 Ra6 34. Nb5 Rxb6 35.
Nc7 Rc8 36. Ne6 Ng6 37. Ra2 Nf4 1/2-1/2

[Event "World Youth Girl U14 2016"]
[Site "Khanty-Mansiysk RUS"]
[Date "2016.10.02"]
[Round "10.5"]
[White "Salonika, Saina"]
[Black "Beydullayeva, Govhar"]
[Result "0-1"]
[WhiteTitle "WCM"]
[BlackTitle "WCM"]
[WhiteElo "2093"]
[BlackElo "1994"]
[WhiteFideId "25013971"]
[BlackFideId "13413015"]
[EventDate "2016.09.22"]

1. e4 e6 2. d4 d5 3. Nc3 Nf6 4. Bg5 Be7 5. e5 Nfd7 6. h4 h6 7. Bxe7 Qxe7 8. f4
a6 9. Qd2 c5 10. Nf3 Nc6 11. O-O-O b5 12. dxc5 Nxc5 13. Bd3 Nb4 14. Ne1 Bb7 15.
Kb1 Nbxd3 16. Nxd3 Nd7 17. Qf2 Rc8 18. h5 Rc4 19. Rhf1 O-O 20. Rde1 Rfc8 21. f5
exf5 22. Qxf5 Qe6 23. Qf2 d4 24. Nf4 Qf5 25. g4 Qxg4 26. Nfd5 Qe6 27. Qg3 dxc3
28. Rg1 Rg4 29. Ne7+ Kf8 30. Qxg4 Qxg4 31. Rxg4 Kxe7 32. e6 fxe6 33. Rxg7+ Kd6
34. Rg6 Bd5 35. Rxh6 cxb2 36. Kxb2 Ne5 37. Re2 b4 38. Rh7 Rc3 39. Rh2 Rg3 40.
Kc1 Rg1+ 41. Kb2 Nc4+ 42. Kb3 Rb1+ 43. Ka4 Bc6# 0-1

[Event "World Youth Girl U14 2016"]
[Site "Khanty-Mansiysk RUS"]
[Date "2016.10.02"]
[Round "10.6"]
[White "Vinokur, Yuliya"]
[Black "Priyanka, Nutakki"]
[Result "1-0"]
[WhiteElo "1956"]
[BlackElo "2070"]
[WhiteFideId "34127515"]
[BlackFideId "25049615"]
[EventDate "2016.09.22"]

1. e4 e6 2. d3 d5 3. Nd2 c5 4. g3 g6 5. Bg2 Bg7 6. Ngf3 Nf6 7. O-O O-O 8. Re1
Nc6 9. c3 Re8 10. e5 Nd7 11. d4 f6 12. exf6 Qxf6 13. dxc5 Nxc5 14. Nb3 Ne4 15.
Be3 Qf7 16. Nbd4 e5 17. Nxc6 bxc6 18. c4 Be6 19. Qa4 Bd7 20. Rad1 Rab8 21. Qxa7
Rxb2 22. Rb1 Rxb1 23. Rxb1 d4 24. Ng5 Nxg5 25. Bxg5 Rf8 26. f4 exf4 27. Bxf4 g5
28. Bxg5 Qg6 29. Rf1 Rxf1+ 30. Bxf1 Be8 31. Bf4 Qe4 32. h3 d3 33. Qa5 Qd4+ 34.
Kh2 h6 35. Qd2 Bg6 36. Bxh6 Be5 37. Qg5 Kf7 38. Bg2 Qd6 39. Qe3 Bf6 40. Bf4 Qa3
41. Qf2 Kg7 42. Bxc6 Qc3 43. Bd5 Bd4 44. Qd2 Qa1 45. Qg2 Qe1 46. Bd2 Qd1 47. Bf3
Qc2 48. Bg4 Qxc4 49. Qb7+ Bf7 50. Qd7 Qc5 51. Be6 Qa7 52. Qxa7 Bxa7 53. Bxf7
Kxf7 54. Kg2 Ke6 55. Kf3 Kd5 56. a4 Bb8 57. a5 Kd4 58. a6 Ba7 59. g4 Ke5 60. h4 1-0

[Event "World Youth Girl U14 2016"]
[Site "Khanty-Mansiysk RUS"]
[Date "2016.10.02"]
[Round "10.7"]
[White "Serikbay, Assel"]
[Black "Antova, Gabriela"]
[Result "0-1"]
[WhiteTitle "WFM"]
[BlackTitle "FM"]
[WhiteElo "1996"]
[BlackElo "2253"]
[WhiteFideId "13706799"]
[BlackFideId "2915235"]
[EventDate "2016.09.22"]

1. d4 c5 2. d5 Nf6 3. c4 e6 4. Nc3 exd5 5. cxd5 d6 6. h3 g6 7. e4 Bg7 8. Nf3 O-O
9. Bd3 b5 10. Nxb5 Re8 11. O-O Nxe4 12. Re1 a6 13. Na3 Nf6 14. Rxe8+ Nxe8 15.
Bg5 Qc7 16. Qa4 Nd7 17. Re1 Nef6 18. Qc6 Qb8 19. Nc4 Bb7 20. Qxd6 Qxd6 21. Nxd6
Bxd5 22. b3 a5 23. Nb5 Rc8 24. Bd2 a4 25. bxa4 Bxa2 26. Nd6 Ra8 27. a5 Bf8 28.
Ra1 Bd5 29. Nb5 Bb7 30. Rc1 Nd5 31. Be4 N7f6 32. Bd3 Nb4 33. Bc4 Rxa5 34. Bxb4
cxb4 35. Bxf7+ Kxf7 36. Rc7+ Kg8 37. Rxb7 Ne4 38. Kf1 Ra2 39. Nbd4 Rxf2+ 40. Ke1
Rxg2 41. Rb8 Nc5 42. Kf1 Rg3 43. Kf2 Rxh3 44. Ng5 Rh5 45. Nge6 Nxe6 46. Nxe6
Rf5+ 47. Kg3 Rf6 48. Nxf8 Rxf8 49. Rxb4 Kg7 50. Kg4 h5+ 51. Kg5 Rf5+ 52. Kh4 Kh6
53. Rb6 Rf4+ 54. Kg3 Rc4 55. Ra6 h4+ 56. Kh3 Kh5 57. Ra5+ g5 0-1

[Event "World Youth Girl U14 2016"]
[Site "Khanty-Mansiysk RUS"]
[Date "2016.10.02"]
[Round "10.8"]
[White "Mishra, Anwesha"]
[Black "Zotova, Anastasia"]
[Result "1/2-1/2"]
[WhiteTitle "WFM"]
[BlackTitle "WFM"]
[WhiteElo "1819"]
[BlackElo "2171"]
[WhiteFideId "35002767"]
[BlackFideId "34124907"]
[EventDate "2016.09.22"]

1. d4 Nf6 2. c4 g6 3. Nc3 d5 4. cxd5 Nxd5 5. e4 Nxc3 6. bxc3 Bg7 7. Nf3 c5 8.
Be3 Qa5 9. Nd2 Nd7 10. Qb3 O-O 11. Rc1 Qc7 12. Qa3 b6 13. Bc4 Bb7 14. O-O Rad8
15. f3 a6 16. Bb3 b5 17. dxc5 Ne5 18. Rcd1 Nd3 19. Nb1 Be5 20. h3 Nf4 21. Qb2
Nh5 22. g4 Nf4 23. Bxf4 Bxf4 24. Qf2 Bg3 25. Qe3 Bh2+ 26. Kh1 Rxd1 27. Rxd1 Qg3
28. Qe2 Qxh3 29. Qg2 Qxg2+ 30. Kxg2 Bf4 31. Rd7 Bc8 32. Rxe7 Bg5 33. Rc7 Bf4 34.
Re7 Bg5 35. Re5 Bf4 36. Rd5 Be6 37. Rd3 Rc8 38. Na3 Bxb3 39. axb3 Rxc5 40. Nc2
Be5 41. Nb4 Bxc3 42. Nxa6 Rc8 43. Rd5 Ra8 44. Rd6 Be5 45. Rb6 Bd4 46. Rd6 Be5
47. Rb6 Bd4 48. Rc6 Kf8 49. Rd6 Be5 1/2-1/2

[Event "World Youth Girl U14 2016"]
[Site "Khanty-Mansiysk RUS"]
[Date "2016.10.02"]
[Round "10.9"]
[White "Ouellet, Maili-Jade"]
[Black "Aciu, Malina-Andreea"]
[Result "0-1"]
[WhiteTitle "WCM"]
[WhiteElo "1992"]
[BlackElo "1876"]
[WhiteFideId "2620472"]
[BlackFideId "1240323"]
[EventDate "2016.09.22"]

1. d4 Nf6 2. c4 g6 3. Nc3 Bg7 4. e4 d6 5. f4 O-O 6. Nf3 c5 7. d5 e6 8. Be2 exd5
9. cxd5 Re8 10. Nd2 Nbd7 11. O-O c4 12. e5 dxe5 13. Nxc4 Nb6 14. fxe5 Nfxd5 15.
Nxd5 Qxd5 16. Bf4 Be6 17. Nd6 Red8 18. Qxd5 Nxd5 19. Bg3 Ne3 20. Bf3 Nxf1 21.
Kxf1 Rab8 22. Nxb7 Rd2 23. b3 Bd5 24. Na5 Rb5 25. Nc6 Bxc6 26. Bxc6 Rc5 27. Bf3
Bxe5 28. Bxe5 Rxe5 29. b4 Rb2 30. a3 Re3 31. Bd1 Kg7 32. Ba4 h5 33. h3 Rc3 34.
Bd1 Kh6 35. Ba4 Kg5 36. Bd1 Kh4 37. Bf3 Rbb3 38. Bd5 Rxa3 39. Rxa3 Rxa3 40. Bxf7
g5 41. b5 Ra4 42. Be8 Rf4+ 43. Kg1 Re4 44. Bc6 Re2 45. Kf1 Rb2 46. Kg1 Kg3 47.
Kf1 h4 48. Ke1 Rxg2 0-1

[Event "World Youth Girl U14 2016"]
[Site "Khanty-Mansiysk RUS"]
[Date "2016.10.02"]
[Round "10.10"]
[White "Koroleva, Evgeniya"]
[Black "Urh, Zala"]
[Result "0-1"]
[BlackTitle "WFM"]
[WhiteElo "1970"]
[BlackElo "1939"]
[WhiteFideId "34124010"]
[BlackFideId "14611481"]
[EventDate "2016.09.22"]

1. d4 Nf6 2. c4 e6 3. Nf3 d5 4. cxd5 exd5 5. Nc3 Be7 6. Bg5 h6 7. Bh4 O-O 8. e3
b6 9. Bd3 Bb7 10. O-O c5 11. Qc2 Nc6 12. a3 c4 13. Bf5 a6 14. Rad1 b5 15. Ne5
Na7 16. Qe2 a5 17. Bb1 Qe8 18. Qc2 g6 19. Ne2 b4 20. f4 Nb5 21. axb4 axb4 22.
Rf3 Nd6 23. Rh3 Bc8 24. Bxf6 Bxh3 25. Bxe7 Bf5 26. Bxd6 Bxc2 27. Bxc2 Qb5 28.
Bxf8 Kxf8 29. Ng3 Ra2 30. Rb1 Qa5 31. Rf1 Rxb2 32. Bb1 b3 33. Bxg6 Qd2 34. Nd7+
Ke7 35. Nf5+ Kxd7 36. Nh4 fxg6 37. f5 gxf5 38. h3 c3 39. Rxf5 c2 40. Rxd5+ Ke6
41. Re5+ Kf6 42. Rf5+ Kg7 43. Rf1 c1=Q 0-1

[Event "World Youth Girl U14 2016"]
[Site "Khanty-Mansiysk RUS"]
[Date "2016.10.02"]
[Round "10.12"]
[White "Zahedifar, Anahita"]
[Black "Beshukova, Alina"]
[Result "1-0"]
[WhiteTitle "WFM"]
[WhiteElo "2081"]
[BlackElo "1820"]
[WhiteFideId "12560715"]
[BlackFideId "24164828"]
[EventDate "2016.09.22"]

1. d4 Nf6 2. c4 g6 3. Nc3 Bg7 4. e4 d6 5. f3 O-O 6. Be3 Nc6 7. Nge2 a6 8. Qd2
Na5 9. Ng3 b5 10. b3 bxc4 11. bxc4 c6 12. Rd1 Rb8 13. Bd3 Be6 14. Qe2 Rb4 15. a3
Rb3 16. Nb1 Qb8 17. d5 Bd7 18. O-O c5 19. e5 Ne8 20. e6 fxe6 21. dxe6 Bc6 22. f4
Rb2 23. Nd2 Nb3 24. f5 Nd4 25. Qg4 Nf6 26. Qh4 Qa8 27. Bxd4 cxd4 28. fxg6 h6 29.
Nf5 h5 30. Nxe7+ Kh8 31. Rxf6 1-0

[Event "World Youth Girl U14 2016"]
[Site "Khanty-Mansiysk RUS"]
[Date "2016.10.02"]
[Round "10.13"]
[White "Mangalam, Shreya B"]
[Black "Gomez Barrera, Javiera Belen"]
[Result "1/2-1/2"]
[BlackTitle "WFM"]
[WhiteElo "1739"]
[BlackElo "2027"]
[WhiteFideId "2085070"]
[BlackFideId "3418723"]
[EventDate "2016.09.22"]

1. e4 e5 2. Nf3 Nc6 3. Bb5 a6 4. Ba4 Nf6 5. O-O Be7 6. d3 b5 7. Bb3 d6 8. a3 O-O
9. Nc3 Bg4 10. Be3 h6 11. Nd5 Qd7 12. c3 Nxd5 13. Bxd5 Be6 14. Qb3 Bg4 15. Qd1
Rad8 16. h3 Be6 17. Qb3 Bxd5 18. Qxd5 Bf6 19. Nh2 Ne7 20. Qb3 Ng6 21. f4 exf4
22. Bxf4 Nxf4 23. Rxf4 Bg5 24. Rf5 g6 25. Rf3 d5 26. e5 h5 27. d4 c5 28. Nf1 Kg7
29. Ne3 f6 30. exf6+ Rxf6 31. Raf1 c4 32. Qd1 Rdf8 33. Kh1 Bxe3 34. Rxf6 Rxf6
35. Rxf6 Kxf6 36. Qf3+ Qf5 37. Qxe3 Kf7 38. Qg3 Qe6 39. Qf4+ Kg7 40. Kh2 Kh7 41.
Qb8 g5 42. Qg3 Kh6 43. Qc7 Kg6 1/2-1/2

[Event "World Youth Girl U14 2016"]
[Site "Khanty-Mansiysk RUS"]
[Date "2016.10.02"]
[Round "10.14"]
[White "Swiech, Joanna"]
[Black "Filippova, Darya"]
[Result "0-1"]
[BlackTitle "WFM"]
[WhiteElo "1962"]
[BlackElo "1888"]
[WhiteFideId "1183486"]
[BlackFideId "24173738"]
[EventDate "2016.09.22"]

1. d4 d5 2. c4 c6 3. Nc3 Nf6 4. Nf3 e6 5. e3 Nbd7 6. Bd3 dxc4 7. Bxc4 b5 8. Bd3
Bb7 9. O-O a6 10. a4 b4 11. Ne4 c5 12. Ned2 cxd4 13. Nxd4 Be7 14. b3 O-O 15. Bb2
Rc8 16. Rc1 Qa5 17. Qe2 Rc5 18. Rxc5 Nxc5 19. Bc2 Rd8 20. Nc4 Qc7 21. f3 Rd5 22.
e4 Rd8 23. Kh1 Nh5 24. Qe1 Nd7 25. Qa1 Nb6 26. Nxb6 Qxb6 27. Rd1 Nf4 28. g3 Nh5
29. Kg2 Nf6 30. Qb1 h5 31. h4 Qc5 32. Ba1 Ne8 33. Ne2 Qe3 34. Nf4 Rd2+ 35. Rxd2
Qxd2+ 36. Kh3 e5 37. Ng2 Bc8+ 38. Kh2 Qd7 0-1

[Event "World Youth Girl U14 2016"]
[Site "Khanty-Mansiysk RUS"]
[Date "2016.10.02"]
[Round "10.15"]
[White "Palma, Maria"]
[Black "Makhija, Aashna"]
[Result "1/2-1/2"]
[WhiteElo "1925"]
[BlackElo "1830"]
[WhiteFideId "898481"]
[BlackFideId "25011944"]
[EventDate "2016.09.22"]

1. Nf3 Nf6 2. c4 c5 3. g3 b6 4. Bg2 Bb7 5. O-O g6 6. Nc3 Bg7 7. Re1 O-O 8. a3 d6
9. Rb1 Qc7 10. Nb5 Qc8 11. d3 a6 12. Nc3 Nbd7 13. Bd2 Qc7 14. b4 cxb4 15. axb4
Rac8 16. Qb3 Rfd8 17. Rec1 Qb8 18. Ra1 Nf8 19. Ne1 Ne6 20. Be3 Bxg2 21. Nxg2 Qb7
22. Ra2 Ng4 23. Nd5 Nxe3 24. fxe3 b5 25. Ngf4 Nxf4 26. Nxf4 bxc4 27. dxc4 d5 28.
Rd2 dxc4 29. Rxd8+ Rxd8 30. Qxc4 Bb2 31. Qc7 Qa8 32. Rb1 Bf6 33. Rc1 Kg7 34. Kf2
Qb8 35. Qxb8 Rxb8 36. Rc6 Rxb4 37. Rxa6 Rb5 1/2-1/2

[Event "World Youth Girl U14 2016"]
[Site "Khanty-Mansiysk RUS"]
[Date "2016.10.02"]
[Round "10.17"]
[White "Nestorovic, Katarina"]
[Black "Barmagambetova, Sakypzhama"]
[Result "1/2-1/2"]
[WhiteElo "2017"]
[BlackElo "1744"]
[WhiteFideId "954632"]
[BlackFideId "13723103"]
[EventDate "2016.09.22"]

1. e4 e6 2. d4 d5 3. Nc3 Nf6 4. Bg5 dxe4 5. Nxe4 Nbd7 6. Qd3 Be7 7. Bxf6 Nxf6 8.
Nxf6+ Bxf6 9. c3 O-O 10. Nf3 b6 11. Be2 Bb7 12. O-O Qe7 13. Rad1 Rad8 14. Qc2
Bxf3 15. Bxf3 c5 16. dxc5 Qxc5 17. Qa4 a5 18. Qc6 Qxc6 19. Bxc6 g6 20. f3 Kg7
21. Kf2 Rxd1 22. Rxd1 Rd8 23. Rxd8 Bxd8 24. Ke3 f5 25. Kd4 Kf6 26. b4 axb4 27.
cxb4 g5 28. a4 Bc7 29. h3 h5 30. Be8 h4 31. Kc4 g4 32. hxg4 fxg4 33. fxg4 Kg5
34. Bd7 e5 35. Kd3 Kf4 36. Bf5 1/2-1/2